[Event "Hannover Region-ch"]
[Site "Hannover"]
[Date "2007.03.10"]
[Round "5"]
[White "Brandtner, Hans Dieter"]
[Black "Manusina, Nicole"]
[Result "1-0"]
[WhiteElo "1387"]
[BlackElo "1218"]
[PlyCount "35"]
[EventDate "2007.01.13"]
[EventType "swiss"]
[EventRounds "7"]
[EventCountry "GER"]
[SourceTitle "EXT 2021"]
[Source "ChessBase"]
[SourceDate "2020.10.23"]
[SourceVersion "1"]
[SourceVersionDate "2020.10.23"]
[SourceQuality "1"]

1. d4 d5 2. Bf4 Nf6 3. e3 c6 4. Bd3 e6 5. Nf3 Be7 6. Nbd2 0-0 7. c3 Nbd7 8. h3 c5 9. g4 b6 10. g5 Nh5 11. h4 Bb7 12. Qc2 Kh8 13. Bxh7 g6 14. Bxg6 fxg6 15. Qxg6 Qe8 16. Qh6+ Kg8 17. g6 Ndf6 18. Be5 1-0

[Event "Hannover Region-ch"]
[Site "Hannover"]
[Date "2007.02.17"]
[Round "4"]
[White "Floerchinger, Ludolf"]
[Black "Brandtner, Hans Dieter"]
[Result "1-0"]
[WhiteElo "1588"]
[BlackElo "1387"]
[PlyCount "101"]
[EventDate "2007.01.13"]
[EventType "swiss"]
[EventRounds "7"]
[EventCountry "GER"]
[SourceTitle "EXT 2021"]
[Source "ChessBase"]
[SourceDate "2020.10.23"]
[SourceVersion "1"]
[SourceVersionDate "2020.10.23"]
[SourceQuality "1"]

1. e4 a6 2. Bc4 e6 3. Nf3 h6 4. a3 d6 5. 0-0 Ne7 6. d4 b6 7. Nc3 Bb7 8. Bf4 Nd7 9. Re1 Ng6 10. Bg3 Be7 11. d5 e5 12. h3 0-0 13. Nh2 Bg5 14. Ng4 Bc8 15. Be2 Bh4 16. Bh2 Nf6 17. g3 Bg5 18. Nxf6+ Qxf6 19. Bg4 Qe7 20. Bxc8 Raxc8 21. Qg4 Nh8 22. f4 exf4 23. gxf4 Bh4 24. Bg3 Bxg3 25. Qxg3 f6 26. Re2 Rf7 27. f5 g6 28. Rg2 Rg7 29. Qd3 b5 30. Rf1 Qe5 31. b4 Re8 32. Rf3 g5 33. h4 g4 34. Rfg3 h5 35. Qe3 Kh7 36. Qa7 c6 37. Qxa6 cxd5 38. Nxd5 Rf7 39. Qxb5 Qxe4 40. Re3 Qd4 41. Qxe8 Qxd5 42. Rd3 Qc4 43. Rxd6 Qf4 44. Rd1 g3 45. Qe2 Qxh4 46. Rd3 Rg7 47. Qf3 Re7 48. Re3 Rxe3 49. Qxe3 Qg4 50. Qxg3 Qd1+ 51. Kh2 1-0

[Event "Hannover Region-ch"]
[Site "Hannover"]
[Date "2007.02.10"]
[Round "3"]
[White "Brandtner, Hans Dieter"]
[Black "Gauggel, Martin"]
[Result "1-0"]
[WhiteElo "1387"]
[BlackElo "1351"]
[PlyCount "47"]
[EventDate "2007.01.13"]
[EventType "swiss"]
[EventRounds "7"]
[EventCountry "GER"]
[SourceTitle "EXT 2021"]
[Source "ChessBase"]
[SourceDate "2020.10.23"]
[SourceVersion "1"]
[SourceVersionDate "2020.10.23"]
[SourceQuality "1"]

1. d4 Nf6 2. Bf4 e6 3. e3 c6 4. Bd3 Qb6 5. Qc1 d5 6. Nf3 c5 7. c3 c4 8. Bc2 Nbd7 9. Nbd2 Bd6 10. Bxd6 Qxd6 11. Qb1 e5 12. dxe5 Nxe5 13. Nxe5 Qxe5 14. Nf3 Qh5 15. Ba4+ Kf8 16. Qc2 Bf5 17. Qd2 Be4 18. 0-0-0 Bxf3 19. gxf3 Qxf3 20. h3 Rd8 21. Qd4 Ne4 22. Rhg1 Rg8 23. Qxa7 Nxf2 24. Qc5+ 1-0

[Event "Hannover Region-ch"]
[Site "Hannover"]
[Date "2007.01.13"]
[Round "1"]
[White "Brandtner, Hans Dieter"]
[Black "Zakidyshev, Gennadiy"]
[Result "0-1"]
[WhiteElo "1387"]
[BlackElo "1839"]
[PlyCount "134"]
[EventDate "2007.01.13"]
[EventType "swiss"]
[EventRounds "7"]
[EventCountry "GER"]
[SourceTitle "EXT 2021"]
[Source "ChessBase"]
[SourceDate "2020.10.23"]
[SourceVersion "1"]
[SourceVersionDate "2020.10.23"]
[SourceQuality "1"]

1. d4 Nf6 2. Bf4 d6 3. e3 g6 4. Bd3 Bg7 5. Nf3 Nbd7 6. c3 0-0 7. Nbd2 Re8 8. Qc2 e5 9. dxe5 Nxe5 10. h3 Nxd3+ 11. Qxd3 Bf5 12. Qc4 h6 13. g4 Be6 14. Qd3 g5 15. Bg3 d5 16. Nd4 c6 17. Nxe6 Rxe6 18. 0-0-0 Qa5 19. Kb1 Ne4 20. Nb3 Qb6 21. Nd4 Nxc3+ 22. Qxc3 c5 23. h4 Re4 24. hxg5 hxg5 25. Qd3 cxd4 26. exd4 Bxd4 27. Rd2 Bg7 28. a3 Rae8 29. f3 Re3 30. Qh7+ Kf8 31. Bf2 d4 32. Bxe3 dxe3 33. Re2 Qd4 34. Qf5 b6 35. Qxg5 Qd3+ 36. Rc2 e2 37. Re1 Qd1+ 38. Qc1 Qd3 39. Qd2 Qxf3 40. Rxe2 Ra8 41. Rc7 Kg8 42. Ree7 Rf8 43. Rxa7 Qxg4 44. Qb4 Qd1+ 45. Ka2 Qd5+ 46. Qb3 Qxb3+ 47. Kxb3 Bd4 48. Re4 Bc5 49. Raa4 f5 50. Rh4 Kg7 51. Ra7+ Kg6 52. Rd7 f4 53. Rd1 f3 54. Rf1 Kg5 55. Rh2 f2 56. Kc4 Rf4+ 57. Kb5 Bd4 58. b4 Kg4 59. Rh6 Kf3 60. a4 Ke2 61. Rhh1 Bc3 62. Kxb6 Rxb4+ 63. Kc5 Rxa4 64. Rc1 Be1 65. Rc2+ Kf3 66. Rh7 f1Q 67. Rf7+ Rf4 0-1